Agypten /

محفوظ في:

المؤلف الرئيسي: Ziock, Hermann. (مؤلف)

التنسيق: كتاب

اللغة: German

منشور في: Teubingen ; Basel : Erdmann, 1976.

سلاسل: Reisefeuhrer und leanderkunde.

الموضوعات:

الوسوم: إضافة وسم

لا توجد وسوم, كن أول من يضع وسما على هذه التسجيلة!

رقم الطلب: DT45 .Z5 1976

LEADER 00620nam a2200217Ia 4500
003 OSt
005 20260318115746.0
008 211223s1976 gw a b 001 0 ger d
040 |c ARCE Library 
050 4 |a DT45 .Z5 1976 
100 1 |a Ziock, Hermann.  |e author 
245 1 0 |a Agypten /   |c Hermann Ziock. 
264 1 |a Teubingen ;   |a Basel :   |b Erdmann,  |c 1976. 
300 |a 318 p. :   |b 108 ill. (some col.) ;   |c 17 cm. 
490 0 |a Reisefeuhrer und leanderkunde. 
500 |a Includes index. 
504 |a Bibliography : p. 119-[123]. 
651 0 |a Egypt   |v Guideboooks. 
901 |a reviewed 
942 |2 lcc  |c BK 
999 |c 41336  |d 41336